000 00551nam a2200241Ia 4500
001 116436
003 YMCAF
005 20230512163032.0
008 140717s2007 ||||||||||||||||| ||und|d
020 _a9788120332782
024 _a116436
035 _a42313
040 _aYMCAF
_beng
_cIN-KoLT
041 _aeng
082 _a005.1
_bPAN
100 _aPanneerselvam, R.
245 0 _aDesign and analysis of algorithms
260 _aNew Delhi
_bPHI
_c2007
300 _a426p.
653 _aAlgorithms
653 _aComputer
942 _2ddc
_cBK
999 _c13422
_d13422